| 000 | 02385nam a2200313 u 4500 | ||
|---|---|---|---|
| 001 | 664861 | ||
| 005 | 20260506090455.0 | ||
| 008 | 010517e20000202 spa | ||
| 020 | _a8474327857 | ||
| 035 | _a664861 | ||
| 035 | _a(OCoLC)777795111 | ||
| 040 | _ccomduadb | ||
| 041 | _aspa | ||
| 082 | 4 | _a302 | |
| 100 | 1 | 0 |
_aSinclair, John _4aut _eaut _9326823 |
| 245 | 1 | 0 | _aTelevisión: comunicación global y regionalización |
| 260 |
_aBarcelona : _bEditorial Gedisa, _c2000. |
||
| 300 | _a158 páginas. | ||
| 490 | 0 |
_aEstudios de Television ; _v8 |
|
| 505 | _aCONTENIDO : Presentación. -- I: Televisión y comunicación en la época de la globalización: la respuesta de la teoría de un mundo cambiante. -- II: Cómo fue "The media are American". -- El desarrollo de los medios en el "primer mundo". -- III: El desarrollo de los medios en el "tercer mundo": televisión, "dependencia" e "imperialismo de los medios". -- IV: El debate sobre el NOMIC, el papel de la UNESCO y el caso de la industria de las noticias internacionales en la televisión. -- V: La teoría de la globalización: El concepto y la crítica. -- El papel destacado de la televisión y la comunicación social. -- VI: ¿La lucha continúa? Los conceptos críticos en la época del satélite. -- El debate sobre el "Imperialismo cultural" sigue en la era de globalización. -- VII: La amenaza a las "culturas nacionales" y a la identidad en la época de la globalización. -- La defensa de lo indefendible. -- VIII: El espacio y el tiempo en la era de la globalización: nuevas estructuras de la producción en las industrias culturales. -- IX: Los nuevos conceptos de la cultura: culturas híbridas, poscoloniales y viajes. -- Los flujos de la gente y de la televisión. -- X: Las "regiones geolingüísticas" cómo mercados globales: la industria de la televisión en el mundo iberoamericano desde una perspectiva global. -- XI: Cultura y comercio: la televisión, los Estados-nación y sus culturas en un mundo de libre comercio. -- Bibliografía. | ||
| 650 |
_aTelevisión _91607 |
||
| 650 |
_aTelevisión y política _928339 |
||
| 650 | 7 |
_aMedios de comunicación de masas _2lemb _94657 |
|
| 650 | 7 |
_aGlobalización _2lemb _915458 |
|
| 650 |
_aComunicación social _92306 |
||
| 650 |
_aTelevisión educativa _952158 |
||
| 650 |
_aTelevisión - Aspectos sociales _96880 |
||
| 942 | _cBOOK | ||
| 999 |
_c197319 _d197319 |
||